Univerzita Pardubice a její budovy /

Hlavní autor: Václavík, František R., 1975-
Další autoři: Bartoš, Štěpán, 1963-
Jazyk: Čeština
Vydáno: [Pardubice] : Univerzita Pardubice, 2013
Témata:
Fyzický popis: 88 s. : barev. il. ; 24 cm
Knihy
Uloženo v:
LEADER 01753nam a2200469 a 4500
001 nkc20142564188
003 CZ PrNK
005 20140318075616.0
007 ta
008 140205s2013 xr a e 000 0 cze
015 |a cnb002564188 
020 |a 978-80-7395-710-0  |q (váz.) 
035 |a (OCoLC)872342772 
040 |a BOA001  |b cze  |d ABA001 
043 |a e-xr---  |b e-xr-pa  |2 czenas 
045 |a w-y- 
072 7 |a 72  |x Architektura  |2 Konspekt  |9 21 
080 |a 378.4  |2 MRF 
080 |a 727.3  |2 MRF 
080 |a (437.314)  |2 MRF 
080 |a (084.11)  |2 MRF 
100 1 |a Václavík, František R.,  |d 1975-  |7 mzk2014808083  |4 aut 
245 1 0 |a Univerzita Pardubice a její budovy /  |c [text] František R. Václavík ; [fotografie] Štěpán Bartoš 
260 |a [Pardubice] :  |b Univerzita Pardubice,  |c 2013 
300 |a 88 s. :  |b barev. il. ;  |c 24 cm 
504 |a Obsahuje bibliografii 
610 2 7 |a Univerzita Pardubice  |7 kn20010709131  |2 czenas 
648 7 |a 19.-21. století  |7 ch757016  |2 czenas 
650 0 7 |a univerzity  |7 ph126937  |z Česko  |y 19.-21. století  |2 czenas 
650 0 7 |a univerzitní budovy  |7 ph137181  |z Česko  |y 19.-21. století  |2 czenas 
650 0 9 |a universities  |z Czechia  |y 19th-21st centuries  |2 eczenas 
650 0 9 |a college buildings  |z Czechia  |y 19th-21st centuries  |2 eczenas 
651 7 |a Pardubice (Česko)  |7 ge130369  |2 czenas 
651 9 |a Pardubice (Czechia)  |2 eczenas 
655 7 |a fotografické publikace  |7 fd132276  |2 czenas 
655 9 |a photographical works  |2 eczenas 
700 1 |a Bartoš, Štěpán,  |d 1963-  |7 jn20001005044  |4 pht 
910 2 |a BOA001  |b 2-1319.865 
990 |a BK 
995 |a 01 
991 |b 201403  |c NOV  |e n 
996 6 |b 2610580944  |c 2-1319.865  |l MZK  |r Sklad / do 1 hodiny  |n 2  |p p.v.  |w 001400714  |u 000010  |a 1  |e BOA001  |j MZK50  |s P